000 00442nam a2200157 4500
001 116541
003 ES-MaACL
005 20230906190726.0
007 t|
008 061121s1968 sp r ||||1| spa d
100 1 _aOteiza, Valentín.
_987871
245 1 0 _aExámenes prácticos para padres de familia /
_cValentín Oteiza.
260 _aBilbao :
_bMensajero,
_c1968.
300 _a230 p. ;
_c19 cm.
852 _aES-MaACL
_jC-50959
_bR.67019
999 _c116541
_d116541